As good as dead : Smoke Jensen and the taming of ... Read More
Available copies
- 2 of 2 copies available at LARL/NWRL Consortium.
- 2 of 2 copies available at Lake Agassiz Regional Library. (Show preferred library)
Current holds
0 current holds with 2 total copies.
View other formats and editions
Show All Copies
| Location | Call Number / Copy Notes | Barcode | Shelving Location | Status | Due Date |
|---|---|---|---|---|---|
| Breckenridge Public Library | LARGE PRINT W JOH (Text) | 33500014382550 | New | Available | - |
| Climax Public Library | LARGE PRINT W JOH (Text) | 33500014382568 | New | Available | - |
Record details
- ISBN: 9781420531916
- ISBN: 1420531913
- Physical Description: 829 pages (large print) ; 23 cm.
- Edition: Large print edition.
- Publisher: [Waterville, ME] : Thorndike Press, 2026.
- Copyright: ©2025
Content descriptions
| Formatted Contents Note: | Strike of the Mountain Man (2011) -- Butchery of ... Read More |
| Summary, etc.: | Strike of the Mountain Man. "In Colorado ... Read More Butchery of the Mountain Man. "In Montana ... Read More |
Search for related items by subject
| Subject: | Jensen, Smoke > Fiction. Frontier and pioneer life > West (U.S.) > Fiction. Ranches > Fiction. Crow Indians > Fiction. Indians of North America > Fiction. Wives > Death > Fiction. Revenge > Fiction. Colorado > Fiction. Montana > Fiction. West (U.S.) > Fiction. |
| Genre: | Western fiction. Historical fiction. Novels. Large print books. |
Search for related items by series
| LDR | 03761cam a2200721 i 4500 | ||
|---|---|---|---|
| 001 | 488446 | ||
| 003 | LARL_NWRL_CONSORTIUM | ||
| 005 | 20260522202837.0 | ||
| 008 | 260323t20262025meu d 000 1 eng d | ||
| 007 | tb | ||
| 040 | . | ‡aIL2 ‡beng ‡erda ‡cIL2 ‡dOCLCO ‡dNOQ ‡dFTX ‡dOCLCQ | |
| 020 | . | ‡a9781420531916 ‡q(hardcover ; ‡q(large print) | |
| 020 | . | ‡a1420531913 ‡q(hardcover ; ‡q(large print) | |
| 035 | . | ‡a(OCoLC)1581168917 | |
| 043 | . | ‡an-usp-- ‡an-us-co ‡an-us-mt | |
| 082 | 0 | 4. | ‡a813.6 ‡223/eng/20260506 |
| 082 | 0 | 4. | ‡aJOHNSTO ‡bWill |
| 100 | 1 | . | ‡aJohnstone, William W., ‡eauthor. ‡1https://id.oclc.org/worldcat/entity/E39PBJfWYFK8HqQW8kJ3CPk4bd ‡0(LARL_NWRL_CONSORTIUM)91523 |
| 245 | 1 | 0. | ‡aAs good as dead : ‡bSmoke Jensen and the taming of the West / ‡cWilliam W. Johnstone and J.A. Johnstone. |
| 246 | 3 | 4. | ‡aSmoke Jensen's frontier |
| 250 | . | ‡aLarge print edition. | |
| 264 | 1. | ‡a[Waterville, ME] : ‡bThorndike Press, ‡c2026. | |
| 264 | 4. | ‡c©2025 | |
| 300 | . | ‡a829 pages (large print) ; ‡c23 cm. | |
| 336 | . | ‡atext ‡btxt ‡2rdacontent | |
| 337 | . | ‡aunmediated ‡bn ‡2rdamedia | |
| 338 | . | ‡avolume ‡bnc ‡2rdacarrier | |
| 340 | . | ‡nlarge print ‡2rdafs | |
| 341 | 0 | . | ‡atextual ‡blargePrint ‡2sapdv |
| 490 | 0 | . | ‡aLast mountain man ; ‡v40-41 |
| 520 | . | ‡aStrike of the Mountain Man. "In Colorado Territory, Smoke Jensen is trying to live at peace. Then a tinhorn named Puddle enters his valley and unleashes a hellstorm of a range war. The Mountain Man's former neighbor, Humbolt Puddle, left his crumbling six-hundred-acre ranch to his only living heir, just as a greedy and ruthless cattle baron is circling the Humbolt ranch like a ravenous vulture. Poor, unsuspecting Puddle is walking into a death trap--but he's got the Mountain Man on his side"-- ‡cProvided by publisher. | |
| 520 | . | ‡aButchery of the Mountain Man. "In Montana Territory, one name strikes fear and hatred in the hearts of the Crow Indians: John Jackson, better known as Liver-Eating Jackson. Consumed by grief and rage, the Mountain Man has brutally killed ten braves so far in his one-man war of vengeance against the Crow, who murdered his beloved wife. Smoke Jensen knows Jackson by another name: friend. He's not sure to what extent the stories of Jackson's exploits are true, but he rushes to his old friend's aid despite terrible odds"-- ‡cProvided by publisher. | |
| 505 | 0 | 0. | ‡tStrike of the Mountain Man ‡g(2011) -- ‡tButchery of the Mountain Man ‡g(2012). |
| 600 | 1 | 0. | ‡aJensen, Smoke ‡vFiction. |
| 650 | 0. | ‡aFrontier and pioneer life ‡zWest (U.S.) ‡vFiction. ‡0(LARL_NWRL_CONSORTIUM)165182 | |
| 650 | 0. | ‡aRanches ‡vFiction. ‡0(LARL_NWRL_CONSORTIUM)174576 | |
| 650 | 0. | ‡aCrow Indians ‡vFiction. | |
| 650 | 0. | ‡aIndians of North America ‡vFiction. ‡0(LARL_NWRL_CONSORTIUM)22925 | |
| 650 | 0. | ‡aWives ‡xDeath ‡vFiction. | |
| 650 | 0. | ‡aRevenge ‡vFiction. ‡0(LARL_NWRL_CONSORTIUM)167017 | |
| 651 | 0. | ‡aColorado ‡vFiction. ‡0(LARL_NWRL_CONSORTIUM)164053 | |
| 651 | 0. | ‡aMontana ‡vFiction. ‡0(LARL_NWRL_CONSORTIUM)166002 | |
| 651 | 0. | ‡aWest (U.S.) ‡vFiction. ‡0(LARL_NWRL_CONSORTIUM)176229 | |
| 655 | 7. | ‡aWestern fiction. ‡2lcgft | |
| 655 | 7. | ‡aHistorical fiction. ‡2lcgft | |
| 655 | 7. | ‡aNovels. ‡2lcgft | |
| 655 | 7. | ‡aLarge print books. ‡2lcgft | |
| 700 | 1 | . | ‡aJohnstone, J. A., ‡eauthor. ‡1https://id.oclc.org/worldcat/entity/E39PCjyJv4XkRTCpGMXCXb9ftq ‡0(LARL_NWRL_CONSORTIUM)196048 |
| 700 | 1 | 2. | ‡iContainer of (work): ‡aJohnstone, William W. ‡tStrike of the Mountain Man. |
| 700 | 1 | 2. | ‡iContainer of (work): ‡aJohnstone, William W. ‡tButchery of the Mountain Man. |
| 901 | . | ‡a488446 ‡bAUTOGEN ‡c488446 ‡tbiblio | |

Add to basket
Permalink
Disable Highlighting